00632nam a2200157 i 4500001000700000003000900007005001700016008004100033100002200074245009400096260005500190300002200245650002300267700004100290852014300331164789ES-MaACL20250713083008.0990727s1890 sp |||| | spa d1 aSarabia Pardo, A.10aManual del consejo de familia b: la tutela y la protutela / cpor A. y J. Sarabia Pardo. aMadrid : b[s.n.], c1890 (fR. Velasco, impresor) a119 p. ; c20 cm.04aTutela-zEspaña.1 aSarabia y Pardo, Jesús,d1865-1943 aES-MaACLjT-573-F-2 z- Enc. hol. conservando la cub. original z. - Dedic. ms. del autor al Ateneo de Madrid z- Enc. en un vol. facticio